Personal finance: principles and case problems. (Record no. 206081)

MARC details
000 -LEADER
fixed length control field 00415nam a2200157Ia 4500
008 - FIXED-LENGTH DATA ELEMENTS--GENERAL INFORMATION
fixed length control field 210716s1975 xx 000 0 und d
020 ## - INTERNATIONAL STANDARD BOOK NUMBER
International Standard Book Number 0256016348
041 ## - LANGUAGE CODE
Language code of text/sound track or separate title eng
082 ## - DEWEY DECIMAL CLASSIFICATION NUMBER
Classification number 336.012 COHJ
100 ## - MAIN ENTRY--PERSONAL NAME
Personal name Cohen, Jerome B.
245 ## - TITLE STATEMENT
Title Personal finance: principles and case problems.
250 ## - EDITION STATEMENT
Edition statement 5
260 ## - PUBLICATION, DISTRIBUTION, ETC.
Place of publication, distribution, etc. Homewood
Name of publisher, distributor, etc. Richard D Irwin, Inc
Date of publication, distribution, etc. 1975
300 ## - PHYSICAL DESCRIPTION
Extent xiii,908
650 ## - SUBJECT ADDED ENTRY--TOPICAL TERM
Topical term or geographic name entry element Public finance(336)
Holdings
Withdrawn status Lost status Source of classification or shelving scheme Damaged status Not for loan Collection code Home library Current library Date acquired Total Checkouts Full call number Barcode Date last seen Price effective from Koha item type
    Dewey Decimal Classification   Reference Book MBA St Aloysius Institute of Management & Information Technology St Aloysius Institute of Management & Information Technology 01/01/2011   336.012 COHJ MBA08647 07/21/2025 07/16/2021 Book